000
00300 a2200109 4500
005
20251210113222.0
020
_a
9789351106937
100
_a
Jones B.
_9
215770
245
_a
Communicating Data With Tableau: Designing, Developing And Delivering Data Visualizations
260
_b
SPD
_c
2014
942
_c
AR
999
_c
369334
_d
369334